Loading...
Encyclopedia of Tourism and Recreation in Marine Environments
| Main Author: | |
|---|---|
| Format: | Printed Book |
| Published: |
Wallingford uk
CABI
2008
|
| Subjects: |
| LEADER | 00488nam a22001457a 4500 | ||
|---|---|---|---|
| 020 | |a 9781845933500 | ||
| 082 | |a 577.7 |b LUC/EN | ||
| 100 | |a Luck,Michael ed. | ||
| 245 | |a Encyclopedia of Tourism and Recreation in Marine Environments | ||
| 260 | |a Wallingford uk |b CABI |c 2008 | ||
| 300 | |a 587p. |b B | ||
| 650 | |a Tourism and Outdoor recreation | ||
| 942 | |c BK | ||
| 999 | |c 40 |d 40 | ||
| 952 | |0 0 |1 0 |4 0 |6 577_700000000000000_LUC_EN |7 0 |8 NFIC |9 40 |a KUFOS |b KUFOS |c GEN |d 2016-03-10 |o 577.7 LUC/EN |p 13978 |r 2016-03-10 |y BK | ||